00650nam a2200229 a 4500001001300000003000900013005001700022008004100039020001000080082001300090100002200103245004000125260003600165300000900201500003500210505001000245650002200255902000800277942000700285952011300292999001500405nice12345678IN_TiNIC20260116011831.0050524s1963 wasa grp 000 0 eng  ac10000a320bLER aLerche, Charles O aConcepts of International Politics. aWashingtonbPrentice Hallc1963 a314p aincludes index and biblioraphy2 aIndex aPolitical Science bSRS cBK 001040708StackRoom-aHMIbHMId2007-04-05g100.00l0o320 LERp08347r2007-04-05v100.00w2005-05-24yBK c4309d4309